[Event "IECG OP.2007.0.00225 email"]
[Site "IECG email"]
[Date "2007.01.16"]
[Round "?"]
[White "Avellan, Gerardo"]
[Black "Koppe, Jaan"]
[Result "1-0"]
[WhiteElo "2221"]
[BlackElo "1900"]
[PlyCount "33"]
[EventDate "2007.01.16"]
[EventType "tourn (corr)"]
[EventRounds "6"]
[SourceTitle "Corr 2008"]
[Source "ChessBase"]
[SourceDate "2008.06.24"]
[SourceVersion "1"]
[SourceVersionDate "2008.06.24"]
[SourceQuality "1"]

1. d4 d5 2. c4 e6 3. Nc3 dxc4 4. e4 Bb4 5. Bxc4 a6 6. Qa4+ Nc6 7. d5 Bxc3+ 8. bxc3 exd5 9. exd5 Bd7 10. dxc6 Bxc6 11. Qb3 Bxg2 12. Bxf7+ Kf8 13. Ba3+ Ne7 14. Rd1 Qc8 15. Be6 Qe8 16. Qb4 Rd8 17. Qxe7+ 1-0

[Event "IECG RI.2007.0.00089 email"]
[Site "IECG email"]
[Date "2007.01.16"]
[Round "?"]
[White "Eshuis, Hans"]
[Black "Koppe, Jaan"]
[Result "1-0"]
[WhiteElo "1759"]
[BlackElo "1900"]
[PlyCount "55"]
[EventDate "2007.01.16"]
[EventType "tourn (corr)"]
[EventRounds "6"]
[SourceTitle "Corr 2008"]
[Source "ChessBase"]
[SourceDate "2008.06.24"]
[SourceVersion "1"]
[SourceVersionDate "2008.06.24"]
[SourceQuality "1"]

1. d4 d5 2. Nf3 e6 3. c4 dxc4 4. e4 b5 5. a4 c6 6. axb5 cxb5 7. Nc3 Bb4 8. Bd2 Bxc3 9. Bxc3 Bb7 10. d5 f6 11. Nd4 exd5 12. Ne6 Qd7 13. Nc5 Qc6 14. Nxb7 Qxb7 15. exd5 Ne7 16. Be2 0-0 17. 0-0 Nxd5 18. Bf3 Rd8 19. Re1 Qf7 20. Bxd5 Rxd5 21. Re8+ Qxe8 22. Qxd5+ Kf8 23. Qxa8 Nc6 24. Qxe8+ Kxe8 25. Bd2 Kd7 26. Kf1 Kd6 27. Ke2 g5 28. Be3 1-0

[Event "EST-ch7 email"]
[Site "Estonia"]
[Date "2004.01.15"]
[Round "?"]
[White "Kipso, Agu"]
[Black "Koppe, Jaan"]
[Result "1/2-1/2"]
[WhiteElo "2088"]
[BlackElo "2089"]
[PlyCount "98"]
[EventDate "2004.??.??"]
[EventType "tourn (corr)"]
[EventRounds "12"]
[EventCountry "EST"]
[SourceTitle "Corr 2006"]
[Source "ChessBase"]
[SourceDate "2006.04.01"]
[SourceVersion "3"]
[SourceVersionDate "2006.04.01"]
[SourceQuality "1"]

1. Nf3 d5 2. g3 c5 3. Bg2 Nc6 4. 0-0 g6 5. d3 Bg7 6. Nbd2 e5 7. e4 d4 8. a4 Be6 9. b3 Nf6 10. Nc4 Qc7 11. Ba3 Nd7 12. Nfd2 0-0 13. f4 exf4 14. gxf4 a6 15. f5 Bxc4 16. bxc4 Rfe8 17. Nb3 Be5 18. Nxc5 Nxc5 19. Bxc5 b6 20. Ba3 Bxh2+ 21. Kh1 Bd6 22. Bb2 Bf4 23. Bc1 Be5 24. Bd2 Rad8 25. Qf3 Bg7 26. Bg5 Rc8 27. Bh3 Ne5 28. Qg2 Ra8 29. Bf4 Rad8 30. Qg3 Qd6 31. Bg5 f6 32. Bf4 g5 33. Bxe5 Rxe5 34. Bg4 Rxf5 35. Qxd6 Rxf1+ 36. Rxf1 Rxd6 37. Rb1 a5 38. Kg2 Kf7 39. Rb5 h6 40. Bh5+ Ke6 41. Bg4+ Ke7 42. Kg3 Kf7 43. Bh5+ Ke7 44. Kg4 Bf8 45. Kf5 Rc6 46. Kg4 Kd7 47. Rd5+ Rd6 48. Rb5 Ke6 49. Bg6 Bg7 1/2-1/2

[Event "EST-ch7 email"]
[Site "Estonia"]
[Date "2004.01.15"]
[Round "?"]
[White "Koppe, Jaan"]
[Black "Raidaru, Mart"]
[Result "1/2-1/2"]
[WhiteElo "2109"]
[BlackElo "1999"]
[PlyCount "70"]
[EventDate "2004.??.??"]
[EventType "tourn (corr)"]
[EventRounds "12"]
[EventCountry "EST"]
[SourceTitle "Corr 2006"]
[Source "ChessBase"]
[SourceDate "2006.04.01"]
[SourceVersion "3"]
[SourceVersionDate "2006.04.01"]
[SourceQuality "1"]

1. e4 c5 2. Nf3 d6 3. d4 cxd4 4. Nxd4 Nf6 5. Nc3 a5 6. Be3 e5 7. Bb5+ Bd7 8. Nf5 Bc6 9. Bg5 h6 10. Bxf6 Qxf6 11. Qd3 g6 12. Ne3 Nd7 13. Ned5 Qd8 14. Qc4 Rc8 15. Qe2 Bg7 16. 0-0 0-0 17. Rad1 Nc5 18. Rfe1 Ne6 19. Qd3 Nd4 20. Bc4 Bd7 21. Bb3 b5 22. a3 Kh7 23. Ne2 Nxb3 24. Qxb3 f5 25. Nec3 a4 26. Qb4 Rc5 27. Ne3 f4 28. Ned5 g5 29. b3 axb3 30. cxb3 g4 31. a4 bxa4 32. Nxa4 Bxa4 33. Qxa4 Ra5 34. Qb4 Ra7 35. Ra1 Rff7 1/2-1/2

[Event "EST-ch7 email"]
[Site "Estonia"]
[Date "2004.01.15"]
[Round "?"]
[White "Raidaru, Mart"]
[Black "Koppe, Jaan"]
[Result "1/2-1/2"]
[WhiteElo "2098"]
[BlackElo "2089"]
[PlyCount "55"]
[EventDate "2004.??.??"]
[EventType "tourn (corr)"]
[EventRounds "12"]
[EventCountry "EST"]
[SourceTitle "Corr 2006"]
[Source "ChessBase"]
[SourceDate "2006.04.01"]
[SourceVersion "3"]
[SourceVersionDate "2006.04.01"]
[SourceQuality "1"]

1. e4 c5 2. d4 cxd4 3. c3 dxc3 4. Nxc3 Nc6 5. Nf3 Nf6 6. Bc4 e6 7. 0-0 Nxe4 8. Nxe4 d5 9. Qc2 dxc4 10. Rd1 Qc7 11. Qxc4 e5 12. Nfg5 Bg4 13. Rd5 Bh5 14. Bf4 exf4 15. Re1 Be7 16. Nd6+ Kf8 17. Ndxf7 Bxf7 18. Nxf7 g6 19. Nxh8 Bf6 20. b4 a6 21. a4 Bxh8 22. b5 axb5 23. axb5 Qe7 24. Qxf4+ Bf6 25. Kf1 Qf7 26. bxc6 Qxd5 27. Qxf6+ Kg8 28. cxb7 1/2-1/2

[Event "EST-ch5 email"]
[Site "Estonia"]
[Date "2003.11.01"]
[Round "?"]
[White "Trubetskoi, Roland"]
[Black "Koppe, Jaan"]
[Result "1-0"]
[WhiteElo "2204"]
[BlackElo "2096"]
[PlyCount "99"]
[EventDate "2003.??.??"]
[EventType "tourn (corr)"]
[EventRounds "10"]
[EventCountry "EST"]
[SourceTitle "Corr 2006"]
[Source "ChessBase"]
[SourceDate "2006.04.01"]
[SourceVersion "3"]
[SourceVersionDate "2006.04.01"]
[SourceQuality "1"]

1. e4 c5 2. Nf3 Nc6 3. d4 cxd4 4. Nxd4 Nf6 5. Nc3 d6 6. Bc4 e5 7. Nf5 Bxf5 8. exf5 Nd4 9. Be3 Qc8 10. Bd3 Nxf5 11. Bb5+ Kd8 12. Qd2 Nxe3 13. fxe3 Be7 14. 0-0-0 Qc5 15. Rhf1 Rc8 16. Be2 Rf8 17. g4 h6 18. h4 Ke8 19. Kb1 Qb4 20. a3 Qa5 21. Qd3 a6 22. Bf3 Qc7 23. g5 hxg5 24. hxg5 Nd7 25. Nd5 Qc4 26. Nxe7 Qxd3 27. cxd3 Kxe7 28. Bxb7 Rb8 29. Bxa6 Nc5 30. Bc4 Na4 31. Rd2 d5 32. Ba2 Nc3+ 33. Ka1 Nxa2 34. Kxa2 Rh8 35. Rdf2 Rbf8 36. b4 Rh3 37. Rf3 Rh5 38. Rf5 Ke6 39. b5 Rh2+ 40. R1f2 Rh3 41. b6 Rxe3 42. b7 Re2+ 43. Rxe2 Kxf5 44. a4 Rb8 45. Rb2 e4 46. a5 exd3 47. a6 d2 48. Rxd2 d4 49. Rxd4 Kxg5 50. Rb4 1-0

[Event "EST-ch5 email"]
[Site "Estonia"]
[Date "2003.01.27"]
[Round "?"]
[White "Koppe, Jaan"]
[Black "Lauk, Uelar"]
[Result "0-1"]
[WhiteElo "2096"]
[BlackElo "2368"]
[PlyCount "84"]
[EventDate "2003.??.??"]
[EventType "tourn (corr)"]
[EventRounds "10"]
[EventCountry "EST"]
[SourceTitle "Corr 2006"]
[Source "ChessBase"]
[SourceDate "2006.04.01"]
[SourceVersion "3"]
[SourceVersionDate "2006.04.01"]
[SourceQuality "1"]

1. e4 c5 2. Nf3 e6 3. b3 Nf6 4. e5 Nd5 5. Bb2 Nc6 6. c4 Nf4 7. g3 Ng6 8. Bg2 d6 9. d4 cxd4 10. Nxd4 Qa5+ 11. Bc3 Qxe5+ 12. Ne2 Qh5 13. Nd2 e5 14. h3 Be6 15. b4 Be7 16. Bf3 Qf5 17. b5 Nd8 18. Be4 Qg5 19. Qa4 f5 20. h4 Qh6 21. b6+ Bd7 22. Qxa7 Rxa7 23. bxa7 fxe4 24. a8Q Bc6 25. Rf1 0-0 26. Bb4 Ne6 27. Qa3 Nd4 28. Rc1 Qh5 29. Ng1 Bxh4 30. Bxd6 Rd8 31. Bc7 Rd7 32. Bb6 Bg5 33. Qa8+ Nf8 34. Bxd4 exd4 35. Rb1 Re7 36. Qa3 e3 37. f4 Qh2 38. Ndf3 Qxg3+ 39. Kd1 Bxf3+ 40. Nxf3 e2+ 41. Kc2 Re3 42. Qa5 Rc3+ 0-1